000 00864nam a2200229Ii 4500
003 JO-AjNU
008 230605s9999||||xx |||||||||||||| ||und||
017 _a2012/15/1518
020 _a978-9957-49-075-1
040 _aJO-AjNU
_bara
_erda
_cJO-AjNU
041 _aara
050 1 4 _aKBP184.72.I26.2013
100 3 _aالشافعي، فخر الدين أبي بكر بن علي؛ دراسة وتحقيق ابو طعمة ,
_eauthor
_949088
245 0 0 _aغنية الفقير في حكم حج الأجير
250 _a(د،ط)
264 3 1 _aعمان : وزارة الثقافة ، 2013
300 _a299ص
_bيشتمل على قائمة بالمصادر والمراجع ص (283 -299 )
336 _atext
_btxt
_2rdacontent
337 _aunmediated
_bn
_2rdamedia
338 _avolume
_bnc
_2rdacarrier
650 4 _aالحج (فقه إسلامي) 
_949089
999 _aA21539
_c25107
_d25107